000 01070nam a22002777a 4500
003 GR-AtMCL
005 20250730115017.0
006 a|||||r|||||||||||
008 s2001||||gr |||e b||| 000 gre
015 _aurn:nbn:gr:nlg:01-B200107388
_2gnb
020 _a9608271061
040 _aGR-AtMCL
_bgre
_dGR-AtMCL
_eAACR2
245 0 0 _aΜετασχηματισμοί Laplace, Fourier, Ζήτα :
_bεφαρμογές στα σήματα - συστήματα : [Εφαρμοσμένα μαθηματικά] /
_cΝ. Γαγαλής... [κ.ά.]
260 _aΑθήνα :
_bΔηρός,
_cc2001
300 _a335,[1]σ. ;
_c24εκ.
504 _aΒιβλιογραφία: σ. [336]
650 0 0 _a Μετασχηματισμοί (Μαθηματικά)
_99883
650 0 7 _aΜετασχηματισμός Laplace
650 0 0 _aΠληροφορική
_99850
650 0 0 _aComputing
_99851
650 0 0 _aΜετασχηματισμοί Fourier
_99884
700 _aΓαγαλής, Νικόλαος
_4070
_99882
942 _cBK
980 _a2009
999 _c9835
_d9835